| 000 | 00595nam a22002417a 4500 | ||
|---|---|---|---|
| 003 | UA-OsUOA | ||
| 001 | 42174 | ||
| 007 | ta | ||
| 008 | 20061027b un ||||| |||| 00| 0 ukr d | ||
| 100 | _aМотренко Т.В. | ||
| 090 |
_a141 _bМ85 |
||
| 942 | _cBK | ||
| 040 |
_aUA-OsUOA _brus _cUA-OsUOA _dUA-OsUOA |
||
| 245 | _aГегель и Владимир Соловьов | ||
| 300 | _a79 с. | ||
| 955 | _a2 | ||
| 041 | _arus | ||
| 080 | _a141 | ||
| 020 | _a966-8424-45-Х | ||
| 260 |
_aК. _bСлово _c2006 |
||
| 650 | 7 |
_a1 Філософські науки _2UDC |
|
| 999 |
_c328315 _d328315 |
||